Daňová asignácia za rok 2015

Postupy u fyzických a právnických osôb. Prijímatelia podielu zaplatenej dane, povinnosti prijímateľa.

Guardado en:
Detalles Bibliográficos
Autor principal: Oravcová, Martina
Formato: Capítulo de libro
Lenguaje:eslovaco
Materias:
Etiquetas: Agregar Etiqueta
Sin Etiquetas, Sea el primero en etiquetar este registro!

MARC

LEADER 00000naa a2200000 4500
001 0212944
005 20231114104426.8
041 0 |a slo 
044 |a SK 
245 1 0 |a Daňová asignácia za rok 2015  |c Martina Oravcová 
520 |a Postupy u fyzických a právnických osôb. Prijímatelia podielu zaplatenej dane, povinnosti prijímateľa. 
610 2 0 |a asignácia daňová 
610 2 0 |a osoby fyzické 
610 2 0 |a osoby právnické 
100 1 |a Oravcová, Martina